000 00697nam a22002297a 4500
003 OSt
005 20250808110455.0
008 200212s2004 ck a|||br|||| 00| 1 spa d
020 _a9789583016769
040 _aCO-JMCR
_cCO-JMCR
041 0 _aspa
082 _aC
_bVASc
100 _aVasco, Irene,
_eautora
_9496
245 1 0 _aCuentos de navidad /
_cIrene Vasco ; ilustraciones, Verónica Chaves
250 _aPrimera edición
260 _aBogotá :
_bPanamericana,
_c2004
300 _a47 páginas :
_bilustraciones a color ;
_c23 cm.
490 0 _aSueños de papel
650 1 4 _aCuentos infantiles colombianos
_9497
700 1 _aChaves, Verónica,
_eilustradora
_9498
942 _2ddc
_cBK
999 _c6501
_d6501